书目信息 |
| 题名: |
钢筋混凝土沉井结构设计施工手册
|
|
| 作者: | 葛春辉 主编 | |
| 分册: | ||
| 出版信息: | 北京 中国建筑工业出版社 2004.10 |
|
| 页数: | 223页 | |
| 开本: | 20cm | |
| 丛书名: | ||
| 单 册: | ||
| 中图分类: | TU473.2-62 | |
| 科图分类: | ||
| 主题词: | ||
| 电子资源: | ||
| ISBN: | 7-112-06739-1 | |
| 000 | 00829nam0 2200205 450 | |
| 001 | 010429757281 | |
| 005 | 20050922155357.96 | |
| 010 | @a7-112-06739-1@dCNY25.00 | |
| 100 | @a20050725d2004 km y0chiy0120 ea | |
| 101 | 0 | @achi |
| 102 | @aCN@b110000 | |
| 105 | @ay z 000yy | |
| 200 | 1 | @a钢筋混凝土沉井结构设计施工手册@Agang jin hun ning tu chen jing jie gou she ji shi gong shou ce@f葛春辉主编@Fge chun hui zhu bian |
| 210 | @a北京@c中国建筑工业出版社@d2004.10 | |
| 215 | @a223页@d20cm | |
| 330 | @a本书根据《给水排水工程钢筋混凝土沉井结构设计规程》CECS137-2002、结合长期来设计施工经验综合而成。在设计方面对该规程内容作必要扩充,特别对沉井构造和受力分析作详细阐述。书中附有九个典型工程实例。 | |
| 690 | @aTU473.2-62@v4 | |
| 701 | 0 | @a葛春辉@Age chun hui@4主编 |
| 801 | 0 | @aCN@bQSSK@c20050922 |
| 905 | @a10447@dTU473.2-62@eG302 | |
| 钢筋混凝土沉井结构设计施工手册/葛春辉主编.-北京:中国建筑工业出版社,2004.10 |
| 223页;20cm |
| ISBN 7-112-06739-1:CNY25.00 |
| 本书根据《给水排水工程钢筋混凝土沉井结构设计规程》CECS137-2002、结合长期来设计施工经验综合而成。在设计方面对该规程内容作必要扩充,特别对沉井构造和受力分析作详细阐述。书中附有九个典型工程实例。 |
| ● |
| 相关链接 |
|
|
|
正题名:钢筋混凝土沉井结构设计施工手册
索取号:TU473.2-62/G302
 
预约/预借
| 序号 | 登录号 | 条形码 | 馆藏地/架位号 | 状态 | 备注 |
| 1 | 526406 | 205264060 | 建筑库101/101建筑库 98排4列3层/ [索取号:TU473.2-62/G302] | 在馆 | |
| 2 | 526407 | 205264079 | 建筑库101/101建筑库 98排4列3层/ [索取号:TU473.2-62/G302] | 在馆 | |
| 3 | 526408 | 205264088 | 建筑库101/101建筑库 98排4列3层/ [索取号:TU473.2-62/G302] | 在馆 |